00501cam a22001337a 4500008004000000082001600040100001600056245005200072260003000124300001000154650009700164999001900261952008700280180718b1962 xxu||||| |||| 00| 0 eng d aA98x54 Sa18 aSaggi, P.D. aLife and work of Lal, Bal and Palcby P.D.Saggi aNew DelhibOverseasc1962 a363p. aLajpat Rai, Lala, 1865-1928. Tilak, Bal Gangadhar, 1856-1920. Pal, Bipin Chandra, 1858-1932. c414096d414096 00104070aIIPAbIIPAd2009-02-20oA98x54 Sa18p30514r2018-07-21w2018-07-21yBK